JR東日本の総合車両センター - Statistics

General Stats
  • This quiz has been taken 103 times
  • The average score is 4 of 6
Answer Stats
Answer % Correct
大宮
90%
東京
90%
秋田
77%
長野
74%
郡山
68%
新幹線
52%
No matching quizzes found
Score Distribution
Percent of People with Each Score
Percentile by Number Answered
Your Score History
You have not taken this quiz